| 000 | 00849cam a22002774a 4500 | ||
|---|---|---|---|
| 001 | 13521 | ||
| 003 | BD-RjUL | ||
| 005 | 20211208235452.0 | ||
| 008 | 140201s2010 nyu b 000 0 eng | ||
| 020 | _a9780393935080 (pbk.) | ||
| 020 | _a0393935086 | ||
| 035 |
_a(OCoLC)ocn475452247 _a(BD-RjUL) |
||
| 040 |
_aDLC _cDLC _dBTCTA _dBD-RjUL _dDLC _beng |
||
| 041 | _aeng | ||
| 082 | 0 | 0 |
_a320.473 _222 _bKOR 2010 |
| 100 | 1 |
_aKollman, Ken. _d1966- _942203 |
|
| 245 | 1 | 0 |
_aReadings in American politics : _banalysis and perspectives / _cKen Kollman. |
| 250 | _a1st ed. | ||
| 260 |
_aNew York : _bW.W. Norton & Co., _cc2010. |
||
| 300 |
_axiii, 658 p. ; _c24 cm. |
||
| 504 | _aIncludes bibliographical references. | ||
| 651 | 0 |
_aUnited States _xPolitics and government. _942204 |
|
| 942 |
_2ddc _cBK |
||
| 999 |
_c13521 _d13521 |
||